|
|
|
|
| LEADER |
00000caa a22000002c 4500 |
| 001 |
1173515518 |
| 003 |
DE-627 |
| 005 |
20220524141734.0 |
| 007 |
tu |
| 008 |
030227s2002 xx ||||| 00| ||ger c |
| 020 |
|
|
|a 3725307245
|
| 035 |
|
|
|a (DE-627)1173515518
|
| 035 |
|
|
|a (DE-576)103515518
|
| 035 |
|
|
|a (DE-599)BSZ103515518
|
| 040 |
|
|
|a DE-627
|b ger
|c DE-627
|e rakwb
|
| 041 |
|
|
|a ger
|
| 100 |
1 |
|
|a Blättler, Stefan
|d 1959-
|0 (DE-588)1051973376
|0 (DE-627)787232696
|0 (DE-576)165098503
|4 aut
|
| 109 |
|
|
|a Blättler, Stefan 1959-
|a Blättler, Stefan Josef 1959-
|
| 245 |
1 |
0 |
|a Bagatellkriminalität - wie geht die Polizei mit den verfügbaren Ressourcen ökonomisch um?
|c Stefan Blättler
|
| 264 |
|
1 |
|c 2002
|
| 300 |
|
|
|a S. [345] - 355
|
| 336 |
|
|
|a Text
|b txt
|2 rdacontent
|
| 337 |
|
|
|a ohne Hilfsmittel zu benutzen
|b n
|2 rdamedia
|
| 338 |
|
|
|a Band
|b nc
|2 rdacarrier
|
| 773 |
0 |
8 |
|i In
|t Zwischen Mediation und lebenslang
|d Chur : Rüegger, 2002
|g (2002), Seite [345] - 355
|h 392 S
|w (DE-627)352344083
|w (DE-576)099318385
|z 3725307245
|7 nnam
|
| 773 |
1 |
8 |
|g year:2002
|g pages:[345] - 355
|
| 935 |
|
|
|a mkri
|
| 951 |
|
|
|a AR
|
| ELC |
|
|
|b 1
|
| LOK |
|
|
|0 000 xxxxxcx a22 zn 4500
|
| LOK |
|
|
|0 001 289925913X
|
| LOK |
|
|
|0 003 DE-627
|
| LOK |
|
|
|0 004 1173515518
|
| LOK |
|
|
|0 005 20260108134806
|
| LOK |
|
|
|0 008 160208||||||||||||||||ger|||||||
|
| LOK |
|
|
|0 040
|a DE-21-110
|c DE-627
|d DE-21-110
|
| LOK |
|
|
|0 689
|a s
|a Bagatellkriminalität
|
| LOK |
|
|
|0 689
|a s
|a Polizei
|
| LOK |
|
|
|0 689
|a s
|a Strafverfolgung
|
| LOK |
|
|
|0 689
|a g
|a Schweiz
|
| LOK |
|
|
|0 852
|a DE-21-110
|
| LOK |
|
|
|0 852 1
|m p
|9 00
|
| LOK |
|
|
|0 935
|a k110
|
| LOK |
|
|
|0 938
|k p
|
| LOK |
|
|
|0 939
|a 08-02-16
|b l01
|
| ORI |
|
|
|a SA-MARC-krimdoka001.raw
|